| 000 | 00000cam 2200000zi 4500 |
| 001 | 9.929649 |
| 003 | CaOODSP |
| 005 | 20260225072843 |
| 006 | m o d f |
| 007 | cr ||||||||||| |
| 008 | 231030e202310 onc o f000 0 eng d |
| 040 | |aCaOODSP|beng|erda|cCaOODSP |
| 043 | |an-cn--- |
| 086 | 1 |aP29-003-023-2023E-PDF |
| 245 | 00|aAviation turbine fuel (grades JET A and JET A-1). |
| 250 | |a[October 2023 edition]. |
| 264 | 1|aOttawa, Ontario : |bCanadian General Standards Board : |bStandards Council of Canada, |cOctober 2023. |
| 264 | 4|c©2023 |
| 300 | |a1 online resource (18 pages). |
| 336 | |atext|btxt|2rdacontent |
| 337 | |acomputer|bc|2rdamedia |
| 338 | |aonline resource|bcr|2rdacarrier |
| 490 | 1 |aNational standard of Canada ; |vCAN/CGSB-3.23-2023 |
| 500 | |a"Experience and excellence"--Cover. |
| 500 | |aSupersedes Corrigendum No. 1, January 2021 and CAN/CGSB-3.23-2020. |
| 500 | |aIssued also in French under title: Carburéacteur d'aviation (grades JET A et JET A-1). |
| 520 | |a"This National Standard of Canada applies to two grades of kerosene-type aviation turbine fuel (grades JET A and JET A-1), consisting of conventional hydrocarbons, synthetic hydrocarbons, naturally occurring non-hydrocarbons and additives as specified herein"--Scope, page 1. |
| 650 | 0|aJet planes|xFuel|xStandards|zCanada. |
| 710 | 2 |aCanadian General Standards Board, |eissuing body. |
| 710 | 2 |aStandards Council of Canada, |eissuing body. |
| 775 | 08|tCarburéacteur d'aviation (grades JET A et JET A-1).|w(CaOODSP)9.929654 |
| 794 | |tAviation turbine fuel (grades JET A and JET A-1).|b[February 2026 edition]|w(CaOODSP)9.959433 |
| 795 | |tAviation turbine fuel (grades JET A and JET A-1).|b[January 2021 edition]|w(CaOODSP)9.892307 |
| 830 | #0|aNational standard of Canada ;|vCAN/CGSB-3.23-2023.|w(CaOODSP)9.507848 |
| 856 | 40|qPDF|s572 KB|uhttps://publications.gc.ca/collections/collection_2023/ongc-cgsb/P29-003-023-2023-eng.pdf |